Phân tích hiệu quả hoạt động kinh doanh của các doanh nghiệp có vốn đầu tư trực tiếp nước ngoài tại thành phố Cần Thơ : Luận văn Tốt nghiệp Cao học. Chuyên ngành Quản trị kinh doanh
Đề tài phân tích thực trạng hoạt động kinh doanh của các doanh nghiệp có vốn đầu tư trực tiếp nước ngoài tại thành phố Cần Thơ giai đoạn 2010 - 2013, đánh giá hiệu quả tài chính và xác định các yếu tố ảnh hưởng đến hiệu quả hoạt động k...
Đã lưu trong:
| Hovedforfatter: | |
|---|---|
| Format: | Bog |
| Sprog: | Undetermined |
| Udgivet: |
Cần Thơ
Trường Đại học Cần Thơ
2014
|
| Fag: | |
| Tags: |
Tilføj Tag
Ingen Tags, Vær først til at tagge denne postø!
|
| Thư viện lưu trữ: | Trung tâm Học liệu Trường Đại học Cần Thơ |
|---|
| LEADER | 01554nam a2200217Ia 4500 | ||
|---|---|---|---|
| 001 | CTU_196174 | ||
| 008 | 210402s9999 xx 000 0 und d | ||
| 082 | |a 658.1511 | ||
| 082 | |b D500 | ||
| 088 | |a 60340102 | ||
| 100 | |a Nguyễn, Du | ||
| 245 | 0 | |a Phân tích hiệu quả hoạt động kinh doanh của các doanh nghiệp có vốn đầu tư trực tiếp nước ngoài tại thành phố Cần Thơ : | |
| 245 | 0 | |b Luận văn Tốt nghiệp Cao học. Chuyên ngành Quản trị kinh doanh | |
| 245 | 0 | |c Nguyễn Du ; Mai Văn Nam (Cán bộ hướng dẫn) | |
| 260 | |a Cần Thơ | ||
| 260 | |b Trường Đại học Cần Thơ | ||
| 260 | |c 2014 | ||
| 520 | |a Đề tài phân tích thực trạng hoạt động kinh doanh của các doanh nghiệp có vốn đầu tư trực tiếp nước ngoài tại thành phố Cần Thơ giai đoạn 2010 - 2013, đánh giá hiệu quả tài chính và xác định các yếu tố ảnh hưởng đến hiệu quả hoạt động kinh doanh của các doanh nghiệp. Đề xuất các giải pháp, kiến nghị nhằm nâng cao hiệu quả kinh doanh của các doanh nghiệp có vốn đầu tư trực tiếp nước ngoài tại thành phố Cần Thơ trong thời gian tới. | ||
| 650 | |a Hoạt động kinh doanh,Business enterprises | ||
| 910 | |a Hải | ||
| 980 | |a Trung tâm Học liệu Trường Đại học Cần Thơ | ||